| 000 | 00697nam a22001817a 4500 | ||
|---|---|---|---|
| 999 |
_c62627 _d62627 |
||
| 003 | Ge_BSU | ||
| 005 | 20241220112645.0 | ||
| 008 | 241220s1991 ge ||||| |||| 00| 0 geo d | ||
| 041 | _ageo | ||
| 080 | _a615.825 ს-45 | ||
| 100 |
_aსვანიშვილი, რომანოზ _922470 |
||
| 245 |
_aსამკურნალო ფიზიკური კულტურა / _cრომანოზ სვანიშვილი. |
||
| 264 |
_aთბ. : _bგანათლება, _c1991. |
||
| 300 |
_a78 გვ. ; _b20 სმ. |
||
| 653 | _aსამკურნალო ფიზკულტურა | ||
| 653 | _aმედიცინა | ||
| 942 |
_2udc _cᲬᲘᲒᲜᲘ |
||